| 000 | 00835nam a2200265 i 4500 | ||
|---|---|---|---|
| 001 | bg | ||
| 100 | 1 | _aRAUTENBACH, Robert | |
| 245 | 1 | 0 |
_aProcesy membranowe : _bpodstawy projektowania modułów i instalacji / _cRobert Rautenbach ; z niem. tł. Ludgarda Buzek. |
| 260 |
_aWarszawa : _bWydawnictwa Naukowo-Techniczne, _c1996. |
||
| 300 |
_a361, [3] s. : _bfot., rys., wykr. ; _c24 cm. |
||
| 490 | 1 | _aInżynieria Chemiczna | |
| 500 | _aOryg. w rps. | ||
| 504 | _aBibliogr. przy rozdz. | ||
| 650 | 9 | _aFiltracja | |
| 650 | 9 |
_aTechnologia chemiczna _xzagadnienia |
|
| 655 | _aPodręczniki akademickie | ||
| 830 | _aInżynieria Chemiczna | ||
| 020 | _a832042044X | ||
| 040 | _cBPK | ||
| 041 | 1 |
_apol _hger |
|
| 080 | _a66.01/.09(075.8) | ||
| 920 | _a83-204-2044-X | ||
| 942 | _cKS | ||
| 008 | s pl f |000 0 pol | ||
| 999 |
_c37152 _d37152 |
||
| 856 |
_uhttp://koha.tu.koszalin.pl/cgi-bin/koha/opac-detail.pl?biblionumber=37152 _yKatalog online BPK |
||